السلامة العامة و الأمن الصناعي / (رقم التسجيلة. 74668)

تفاصيل مارك
000 -LEADER
fixed length control field 00469nam a22001697a 4500
005 - DATE AND TIME OF LATEST TRANSACTION
control field 20251108172251.0
008 - FIXED-LENGTH DATA ELEMENTS--GENERAL INFORMATION
fixed length control field 250721s1997 xx 000 0 ara d
082 14 - DEWEY DECIMAL CLASSIFICATION NUMBER
Classification number 613.6/نعم
100 1# - MAIN ENTRY--PERSONAL NAME
Personal name كامل، نعمان
245 10 - TITLE STATEMENT
Title السلامة العامة و الأمن الصناعي /
264 1# - PRODUCTION, PUBLICATION, DISTRIBUTION, MANUFACTURE, AND COPYRIGHT NOTICE
Place of production, publication, distribution, manufacture عمان :
Date of production, publication, distribution, manufacture, or copyright notice 1997.
300 ## - PHYSICAL DESCRIPTION
Extent 169ص
650 17 - SUBJECT ADDED ENTRY--TOPICAL TERM
Topical term or geographic name as entry element الأمن الصناعي
650 17 - SUBJECT ADDED ENTRY--TOPICAL TERM
Topical term or geographic name as entry element السلامة العامة
942 ## - ADDED ENTRY ELEMENTS (KOHA)
Source of classification or shelving scheme Dewey Decimal Classification
Koha item type كتب
المقتنيات
حالة السحب حالة الفقدان مصدر التصنيف حالة التلف غير قابل للإعارة المكتبة الرئيسية المكتبة الحالية موقع الرف تاريخ التزويد الرقم المتسلسل Total Checkouts رقم الإستدعاء تاريخ آخر ظهور تاريخ الفاتورة نوع المادة (كوها) الباركود
    Dewey Decimal Classification Unchecked   مكتبة الجويدة مكتبة الجويدة الإعارة 06/07/2004 6339   613.6/نعم 28/07/2025 06/07/2004 كتب  
    Dewey Decimal Classification     مكتبة صويلح العامة مكتبة صويلح العامة الإعارة 13/06/2019 {13416}   613.6/نعم 28/07/2025 13/06/2019 كتب PLD00454043
Implemented & Customized by: BBB with SCIT (Smart Chains for Information Technology)

Powered by Koha